El multiculturalismo y "la política del reconocimiento"=Multiculturalism and "the politics of recongnition" /

Bibliographic Details
Main Author: Taylor, Charles
Format: Libro
Language:English
Published: México Fondo de Cultura Económica 1992
Edition:1a.ed.
Series:Colección popular 496
Subjects:
Online Access:

MARC

LEADER 00000cam a2200000 a 4500
001 007406
003 UAHC_CL
005 20170803120339.0
008 010822b xx j 000 1 eng
020 |a 9681641833 
040 |a UAHC_CL  |c UAHC_CL  |d UAHC_CL 
082 0 4 |a 320.97 T238 
100 1 |a Taylor, Charles 
245 1 3 |a El multiculturalismo y "la política del reconocimiento"=Multiculturalism and "the politics of recongnition" /  |c Charles Taylor. 
250 |a 1a.ed. 
260 |a México  |b Fondo de Cultura Económica  |c 1992 
300 |a 159 p. 
490 0 |a Colección popular  |v 496 
650 4 |a CULTURA POLITICA  |z CANADA 
650 4 |a MINORIAS  |x ACTIVIDAD POLITICA  |z ESTADOS UNIDOS 
900 |a 320.97 TAY 
942 |c BK 
952 |0 0  |1 0  |4 0  |6 320_970000000000000_TAY  |7 0  |8 General  |9 16060  |a BC  |b BC  |c General  |d 2017-08-03  |l 0  |o 320.97 TAY  |p 1307448  |r 2026-01-07 00:00:00  |t 1  |w 2017-08-03  |y BK 
952 |0 0  |1 0  |4 0  |6 320_970000000000000_TAY  |7 0  |8 General  |9 16061  |a BC  |b BC  |c General  |d 2017-08-03  |l 0  |o 320.97 TAY  |p 1307445  |r 2026-01-07 00:00:00  |t 2  |w 2017-08-03  |y BK 
952 |0 0  |1 0  |4 0  |6 320_970000000000000_TAY  |7 0  |8 General  |9 16062  |a BC  |b BC  |c General  |d 2017-08-03  |l 1  |o 320.97 TAY  |p 1406137  |r 2026-01-07 00:00:00  |s 2017-08-22  |t 3  |w 2017-08-03  |y BK 
999 |c 7406  |d 7406